| 000 | 00000nam##2200000za#4500 |
| 001 | 9.615657 |
| 003 | CaOODSP |
| 005 | 20210615101228 |
| 007 | ta |
| 008 | 150406|2001||||xxc||||| f|0| 0 eng|d |
| 020 | |a0-662-30688-0 |
| 040 | |aCaOODSP|beng |
| 043 | |an-cn--- |
| 086 | 1 |aCC173-3/2-225E |
| 110 | 2 |aCanadian Nuclear Safety Commission. |
| 245 | 10|aEmergency planning at Class I nuclear facilities and uranium mines and mills |
| 260 | |aOttawa - Ontario : |bCanadian Nuclear Safety Commission |c2001. |
| 300 | |a14p. ; |c28 cm. |
| 490 | 1 |aRegulatory guide |vG-225 |
| 563 | |aSoftcover |
| 590 | |a01-36|b2001-09-07 |
| 690 | 07|aRegulations|2gcpds |
| 690 | 07|aMining industry|2gcpds |
| 776 | 0#|tEmergency planning at class I nuclear facilities and uranium mines and mills |w(CaOODSP)9.571392 |
| 830 | #0|aRegulatory guide ;|vG-225|w(CaOODSP)9.514451 |